Changes in bank rate, minimum lending rate, minimum band one dealing rate and repo rate (Record no. 118800)
[ view plain ]
| 000 -LEADER | |
|---|---|
| fixed length control field | 01307cai a22002535a 4500 |
| 001 - CONTROL NUMBER | |
| control field | ##L129672 |
| 008 - FIXED-LENGTH DATA ELEMENTS--GENERAL INFORMATION | |
| fixed length control field | 050510c1970 xxkmr w ss 000 0 eng d |
| 035 ## - SYSTEM CONTROL NUMBER | |
| System control number | (Sirsi) u129672 |
| 041 0# - LANGUAGE CODE | |
| Language code of text/sound track or separate title | eng |
| 110 2# - MAIN ENTRY--CORPORATE NAME | |
| Corporate name or jurisdiction name as entry element | Bank of England |
| 9 (RLIN) | 2779 |
| 245 ## - TITLE STATEMENT | |
| Title | Changes in bank rate, minimum lending rate, minimum band one dealing rate and repo rate |
| 260 ## - PUBLICATION, DISTRIBUTION, ETC. | |
| Place of publication, distribution, etc. | London |
| Name of publisher, distributor, etc. | Bank of England |
| Date of publication, distribution, etc. | 1970- |
| 520 ## - SUMMARY, ETC. | |
| Summary, etc. | The Bank of England's repo rate is 5.75%. The rate was last changed, from 5.5%, on 5 July 2007. Details of the repro rate since 6 May 1997, the minimum band one dealing rate between 25 August 1981 and 30 October 1996, the minimum lending rate between 16 October 1972 and 11 March 1981, and the bank rate between 5 March 1970 and 22 June 1972 are available on the Bank of England website. |
| 590 ## - LOCAL NOTE (RLIN) | |
| Local note | KA |
| 650 24 - SUBJECT ADDED ENTRY--TOPICAL TERM | |
| Topical term or geographic name entry element | BANK OF ENGLAND REPO RATE |
| 650 24 - SUBJECT ADDED ENTRY--TOPICAL TERM | |
| Topical term or geographic name entry element | BANK OF ENGLAND MINIMUM BAND ONE DEALING RATE |
| 650 24 - SUBJECT ADDED ENTRY--TOPICAL TERM | |
| Topical term or geographic name entry element | BANK OF ENGLAND MINIMUM LENDING RATE |
| 650 24 - SUBJECT ADDED ENTRY--TOPICAL TERM | |
| Topical term or geographic name entry element | BANK OF ENGLAND BANK RATE |
| 651 #4 - SUBJECT ADDED ENTRY--GEOGRAPHIC NAME | |
| Geographic name | United Kingdom |
| Chronological subdivision | |
| 690 ## - LOCAL SUBJECT ADDED ENTRY--TOPICAL TERM (OCLC, RLIN) | |
| Topical term or geographic name as entry element | BUILT ENVIRONMENT-CONSTRUCTION MARKET |
| 690 ## - LOCAL SUBJECT ADDED ENTRY--TOPICAL TERM (OCLC, RLIN) | |
| Topical term or geographic name as entry element | PROPERTY-PROPERTY MARKET |
| 856 40 - ELECTRONIC LOCATION AND ACCESS | |
| Uniform Resource Identifier | <a href="https://213.225.136.206/mfsd/iadb/Repo.asp?Travel=NIxIRx">https://213.225.136.206/mfsd/iadb/Repo.asp?Travel=NIxIRx</a> |
| Public note | View the Bank of England base rate information free of charge at www.bankofengland.co.uk... |
| 942 ## - ADDED ENTRY ELEMENTS (KOHA) | |
| Suppress in OPAC | 0 |
| Withdrawn status | Lost status | Source of classification or shelving scheme | Damaged status | Not for loan | Home library | Current library | Shelving location | Date acquired | Total Checkouts | Full call number | Barcode | Date last seen | Copy number | Price effective from | Koha item type |
|---|---|---|---|---|---|---|---|---|---|---|---|---|---|---|---|
| Dewey Decimal Classification | Virtual | Virtual | Online | 10/05/2005 | KNOWLEDGE BASE | 129672-1001 | 06/08/2019 | 1 | 06/08/2019 | Book |